LEADER 00897nam0-22003011i-450- 001 990004385130403321 005 20030917161153.0 035 $a000438513 035 $aFED01000438513 035 $a(Aleph)000438513FED01 035 $a000438513 100 $a19990604d1982----km-y0itay50------ba 101 0 $aita 102 $aIT 105 $af-------001yy 200 1 $a<>cronaca volgare isidoriana$etesto tre-quattrocentesco di area abruzzese$fa cura di Paolo D'Achille 210 $aL'Aquila$cDeputazione abruzzese di storia patria$d1982 215 $a220 p., 1 c. di tav.$d24 cm 225 1 $aStudi e testi$v2 676 $a902$v20$zita 702 1$aD'Achille,$bPaolo$f<1955- > 801 0$aIT$bUNINA$gRICA$2UNIMARC 901 $aBK 912 $a990004385130403321 952 $aP.3 B 13878$fFLFBC 959 $aFLFBC 996 $aCronaca volgare isidoriana$9542597 997 $aUNINA LEADER 01007nam a2200241 i 4500 001 991001125739707536 008 050630s2004 it 000 0 ita d 020 $a8814115362 035 $ab13324305-39ule_inst 040 $aDip.to Studi Giuridici$bita 082 0 $a346.45 100 1 $aRabitti, Maddalena$0279534 245 10$aRischio organizzativo e responsabilita degli amministratori :$bcontributo allo studio dell'illecito civile /$cMaddalena Rabitti 260 $aMilano :$bGiuffre,$c2004 300 $avii, 257 p. ;$c24 cm 440 0$aPubblicazioni del Dipartimento di diritto privato e comunitario ;$v26 650 4$aResponsabilità$zItalia 907 $a.b13324305$b02-04-14$c30-06-05 912 $a991001125739707536 945 $aLE027 346.45 RAB01.01$g1$i2027000105748$lle027$o-$pE20.00$q-$rl$s- $t0$u4$v0$w4$x0$y.i14100046$z30-06-05 996 $aRischio organizzativo e responsabilità degli amministratori$9754247 997 $aUNISALENTO 998 $ale027$b30-06-05$cm$da $e-$fita$git $h0$i0